[Event "CP-2009-S-00004"]
[Site "LSS email"]
[Date "2012.05.08"]
[Round "?"]
[White "Salzmann, Stefan"]
[Black "Mamonov, Petr"]
[Result "0-1"]
[WhiteElo "2085"]
[BlackElo "2265"]
[PlyCount "128"]
[EventDate "2012.05.11"]
[EventType "tourn (corr)"]
[EventRounds "6"]
[EventCountry "GER"]
[SourceTitle "Telechess CBM 161"]
[Source "ChessBase"]
[SourceDate "2014.07.16"]
[SourceVersion "1"]
[SourceVersionDate "2014.07.16"]
[SourceQuality "1"]

1. d4 Nf6 2. c4 g6 3. Nc3 Bg7 4. e4 d6 5. Nf3 0-0 6. Be2 e5 7. 0-0 Nc6 8. d5 Ne7 9. b4 Nh5 10. Re1 f5 11. Ng5 Nf6 12. f3 Kh8 13. Rb1 h6 14. Ne6 Bxe6 15. dxe6 fxe4 16. fxe4 Nc6 17. Nd5 Ng8 18. Bd3 Nd4 19. Qg4 g5 20. h4 Nf6 21. Qg3 Nxe6 22. hxg5 Nh5 23. Qh2 Nhf4 24. gxh6 Bf6 25. Rd1 Rg8 26. Bf1 Bg5 27. Rb3 Rg6 28. Nxf4 Nxf4 29. Bxf4 Bxf4 30. g3 Qg5 31. Rdd3 Rag8 32. Rbc3 b5 33. Rf3 Rxh6 34. Qf2 Qh5 35. Qg2 c5 36. cxb5 cxb4 37. Rb3 Qg6 38. Qe2 Rh4 39. Qf2 Rh7 40. Bg2 Qh6 41. Rbd3 Rc8 42. Rd1 Bg5 43. b6 axb6 44. Qxb6 Bd2 45. Qa6 Rhc7 46. Kf2 Kg7 47. Qb6 Rc2 48. Kf1 Kh8 49. Qb7 Be3 50. Qd7 Qh2 51. Qh3+ Qxh3 52. Bxh3 R8c3 53. Be6 Bd4 54. Rdd3 Rh2 55. Bb3 Kg7 56. g4 Rc8 57. Ke1 Rc1+ 58. Rd1 Bc3+ 59. Rxc3 Rxc3 60. Rxd6 Rc1+ 61. Rd1 Rxd1+ 62. Kxd1 Kf6 63. Kc1 Kg5 64. Be6 Kf4 0-1

[Event "LSS BI-2009-F-00001"]
[Site "LSS email"]
[Date "2010.02.15"]
[Round "?"]
[White "Mamonov, Petr"]
[Black "Szabo, Vilmos"]
[Result "1-0"]
[WhiteElo "2154"]
[BlackElo "2311"]
[PlyCount "93"]
[EventDate "2010.02.17"]
[EventType "tourn (corr)"]
[EventRounds "10"]
[EventCountry "GER"]
[SourceTitle "Telechess CBM 147"]
[Source "ChessBase"]
[SourceDate "2012.03.16"]
[SourceVersion "1"]
[SourceVersionDate "2012.03.16"]
[SourceQuality "1"]

1. d4 Nf6 2. Nf3 e6 3. c4 b6 4. a3 Ba6 5. Qc2 c5 6. d5 Qe7 7. Bg5 exd5 8. Nc3 Bxc4 9. e4 h6 10. Bxf6 Qxf6 11. exd5 Bxf1 12. Kxf1 Be7 13. h4 0-0 14. Re1 Bd6 15. h5 Bc7 16. Rh3 a5 17. d6 Bxd6 18. Qd3 c4 19. Qd5 Nc6 20. Ne4 Qxb2 21. Nxd6 Qxa3 22. Ne5 Qc5 23. Qxc5 bxc5 24. Nxd7 Rfd8 25. Nb6 Rab8 26. Ndxc4 Rb7 27. Rhe3 Kh7 28. Re8 Rdb8 29. Rxb8 Rxb8 30. Nd7 Rb7 31. Ncb6 g6 32. hxg6+ Kxg6 33. Rd1 Nd4 34. Nxc5 Rxb6 35. Rxd4 h5 36. Ra4 Rb5 37. Nd3 f6 38. Ke2 Rf5 39. g3 Kf7 40. Nf4 Ke7 41. Kd3 Kf7 42. Rd4 Kg7 43. Rd5 Re5 44. Rxe5 fxe5 45. Nxh5+ Kf7 46. f4 exf4 47. gxf4 1-0

[Event "FICGS W-ch st2 g02 email"]
[Site "FICGS email"]
[Date "2009.11.03"]
[Round "1"]
[White "Mamonov, Petr"]
[Black "Carrizo, Jose Luis"]
[Result "1-0"]
[WhiteElo "1942"]
[BlackElo "2114"]
[PlyCount "87"]
[EventDate "2009.??.??"]
[EventType "tourn (corr)"]
[EventRounds "8"]
[SourceTitle "Corr 2022"]
[Source "ChessBase"]
[SourceDate "2021.10.24"]
[SourceVersion "1"]
[SourceVersionDate "2021.10.24"]
[SourceQuality "1"]

1. c4 e6 2. Nf3 d5 3. d4 c6 4. Nbd2 Nf6 5. e3 c5 6. dxc5 Bxc5 7. a3 0-0 8. b4 Be7 9. Bb2 a5 10. b5 Nbd7 11. Be2 b6 12. Nd4 Bb7 13. Nc6 Bxc6 14. bxc6 Nc5 15. 0-0 Rc8 16. cxd5 Nxd5 17. Bb5 Bf6 18. Bxf6 Qxf6 19. Qc2 Qc3 20. Rfc1 Rfd8 21. Nc4 Qxc2 22. Rxc2 f5 23. Nxa5 Nc7 24. Be2 bxa5 25. Rxc5 Rd5 26. Rc4 Kf7 27. Bf3 Rb5 28. Rd1 Kf6 29. h3 Na6 30. g4 Rc5 31. Rdc1 Rxc4 32. Rxc4 fxg4 33. hxg4 Rc7 34. Ra4 Ke7 35. Rxa5 Nb8 36. Kg2 h6 37. Rb5 Na6 38. Rb7 Kd6 39. a4 Nc5 40. a5 g5 41. Rb6 Na4 42. Rb8 Ra7 43. Rd8+ Ke5 44. a6 1-0

[Event "FICGS W-ch st2 g02 email"]
[Site "FICGS email"]
[Date "2009.11.03"]
[Round "1"]
[White "Sharland, Michael"]
[Black "Mamonov, Petr"]
[Result "1/2-1/2"]
[WhiteElo "2212"]
[BlackElo "1942"]
[PlyCount "96"]
[EventDate "2009.??.??"]
[EventType "tourn (corr)"]
[EventRounds "8"]
[SourceTitle "Corr 2022"]
[Source "ChessBase"]
[SourceDate "2021.10.24"]
[SourceVersion "1"]
[SourceVersionDate "2021.10.24"]
[SourceQuality "1"]

1. d4 d5 2. c4 c6 3. Nc3 Nf6 4. Nf3 e6 5. Bg5 h6 6. Bh4 dxc4 7. e4 g5 8. Bg3 b5 9. Be2 Bb7 10. 0-0 Nbd7 11. Ne5 h5 12. Nxd7 Qxd7 13. Be5 Rh6 14. Qc1 Nh7 15. f4 Be7 16. Qe3 0-0-0 17. Rad1 f6 18. fxg5 fxe5 19. gxh6 exd4 20. Qg3 d3 21. Bxh5 b4 22. Nb1 Ng5 23. Qe5 Qc7 24. Qxc7+ Kxc7 25. g4 Bd6 26. Kg2 c5 27. Bg6 Nxe4 28. Rf7+ Rd7 29. Rxd7+ Kxd7 30. Kf1 Be5 31. Bxe4 Bxe4 32. Re1 Bxb2 33. Rxe4 c3 34. Re1 Ke7 35. h7 c2 36. Kf2 Kf7 37. Ke3 c1Q+ 38. Rxc1 Bxc1+ 39. Kxd3 Kg7 40. h8Q+ Kxh8 41. Kc4 Be3 42. a3 Kg7 43. axb4 cxb4 44. Kxb4 Kf6 45. h4 Bf2 46. h5 Kg5 47. Kc4 Be3 48. Kd3 Bf4 1/2-1/2

[Event "LSS CP-2009-P-00066"]
[Site "LSS email"]
[Date "2009.10.10"]
[Round "?"]
[White "Gierth, Karlheinz"]
[Black "Mamonov, Petr"]
[Result "0-1"]
[WhiteElo "2195"]
[BlackElo "2154"]
[PlyCount "110"]
[EventDate "2009.10.01"]
[EventType "tourn (corr)"]
[EventRounds "6"]
[EventCountry "GER"]
[SourceTitle "Telechess CBM 141"]
[Source "ChessBase"]
[SourceDate "2011.03.17"]
[SourceVersion "1"]
[SourceVersionDate "2011.03.17"]
[SourceQuality "1"]

1. b4 c6 2. Bb2 a5 3. a3 axb4 4. axb4 Rxa1 5. Bxa1 d5 6. e3 Nf6 7. b5 Nbd7 8. f4 Qa5 9. Bc3 Qc7 10. Nf3 e6 11. Be2 Bd6 12. 0-0 0-0 13. Qc1 e5 14. Nxe5 Nxe5 15. Bxe5 Bxe5 16. fxe5 Qxe5 17. Nc3 c5 18. Na4 d4 19. Qa3 Ne4 20. Rd1 Re8 21. Bf3 h5 22. Nb6 Bg4 23. Nc4 Qd5 24. Bxg4 hxg4 25. Qd3 g3 26. hxg3 Qh5 27. Qf1 Nf6 28. g4 Nxg4 29. Qf3 Qh2+ 30. Kf1 Qh4 31. Ke2 Re6 32. Ra1 g6 33. Re1 dxe3 34. dxe3 Nf6 35. Nd2 Qb4 36. c4 Qc3 37. Rd1 Qc2 38. Kf1 Kg7 39. Qe2 Rd6 40. Ke1 Qc3 41. Qf3 Nd7 42. Ke2 Nb6 43. Qe4 Na4 44. Nb1 Qb2+ 45. Ke1 Re6 46. Qd3 Qxg2 47. Qe2 Qe4 48. Kd2 Rd6+ 49. Kc1 Rxd1+ 50. Qxd1 Qxb1+ 51. Kxb1 Nc3+ 52. Kc2 Nxd1 53. Kxd1 f5 54. Ke2 Kf6 55. Kf2 Ke5 0-1

[Event "LSS CP-2009-P-00066"]
[Site "LSS email"]
[Date "2009.10.10"]
[Round "?"]
[White "Mamonov, Petr"]
[Black "Pintonello, Gilberto"]
[Result "1-0"]
[WhiteElo "2154"]
[BlackElo "2018"]
[PlyCount "95"]
[EventDate "2009.10.01"]
[EventType "tourn (corr)"]
[EventRounds "6"]
[EventCountry "GER"]
[SourceTitle "Telechess CBM 147"]
[Source "ChessBase"]
[SourceDate "2012.03.16"]
[SourceVersion "1"]
[SourceVersionDate "2012.03.16"]
[SourceQuality "1"]

1. e4 e5 2. Nf3 Nc6 3. Bb5 a6 4. Ba4 d6 5. 0-0 Bd7 6. d4 Nf6 7. c3 Be7 8. Nbd2 0-0 9. Re1 exd4 10. cxd4 d5 11. e5 Nh5 12. Nf1 Bb4 13. Bd2 g6 14. Bxc6 Bxd2 15. Qxd2 Bxc6 16. Qh6 Qd7 17. Ng3 Nxg3 18. hxg3 Rae8 19. Ng5 f6 20. exf6 Rxe1+ 21. Rxe1 Rxf6 22. Re3 Qg7 23. Qxg7+ Kxg7 24. Re7+ Kg8 25. Rxc7 h6 26. Nf3 b6 27. Ne5 Bb5 28. f3 Re6 29. Kf2 Rd6 30. g4 a5 31. g5 hxg5 32. Kg3 Bc4 33. b3 Bf1 34. Kg4 Bxg2 35. Rc1 Rf6 36. Rg1 Bxf3+ 37. Nxf3 Rf4+ 38. Kg3 Rf6 39. Nxg5 Rc6 40. Kf4 Rc2 41. Nf3 b5 42. Rxg6+ Kf8 43. a4 bxa4 44. bxa4 Rc4 45. Ke5 Rxa4 46. Ng5 Rb4 47. Ne6+ Ke8 48. Rg7 1-0

[Event "FICGS class C 000080 email"]
[Site "FICGS email"]
[Date "2009.07.13"]
[Round "1"]
[White "Mohandoussaid, Malik"]
[Black "Mamonov, Petr"]
[Result "0-1"]
[WhiteElo "1802"]
[BlackElo "1920"]
[PlyCount "50"]
[EventDate "2009.??.??"]
[EventType "tourn (corr)"]
[EventRounds "1"]
[SourceTitle "Corr 2022"]
[Source "ChessBase"]
[SourceDate "2021.10.24"]
[SourceVersion "1"]
[SourceVersionDate "2021.10.24"]
[SourceQuality "1"]

1. e4 c5 2. d4 cxd4 3. c3 dxc3 4. Nxc3 Nc6 5. Nf3 d6 6. Bc4 a6 7. a4 Nf6 8. h3 e6 9. 0-0 Be7 10. Re1 Nd7 11. Bf4 Nde5 12. Bf1 Bd7 13. Rc1 0-0 14. Be3 Nxf3+ 15. Qxf3 f5 16. exf5 Rxf5 17. Qg3 d5 18. Bd3 Rf7 19. Bf4 Bh4 20. Qh2 Bxf2+ 21. Kxf2 Qb6+ 22. Ke2 Qxb2+ 23. Kd1 d4 24. Ne4 Nb4 25. Bc4 Bxa4+ 0-1

[Event "FICGS class C 000080 email"]
[Site "FICGS email"]
[Date "2009.07.13"]
[Round "1"]
[White "Soszynski, Marek J"]
[Black "Mamonov, Petr"]
[Result "1/2-1/2"]
[WhiteElo "2009"]
[BlackElo "1920"]
[PlyCount "85"]
[EventDate "2009.??.??"]
[EventType "tourn (corr)"]
[EventRounds "1"]
[SourceTitle "Corr 2022"]
[Source "ChessBase"]
[SourceDate "2021.10.24"]
[SourceVersion "1"]
[SourceVersionDate "2021.10.24"]
[SourceQuality "1"]

1. e4 c5 2. Nf3 d6 3. Bb5+ Nc6 4. 0-0 Bd7 5. Re1 Nf6 6. c3 a6 7. Bf1 Bg4 8. d3 e6 9. h3 Bh5 10. Be2 Be7 11. Bf4 0-0 12. Nbd2 h6 13. a4 Qc7 14. Qc2 b5 15. d4 Qb7 16. axb5 axb5 17. dxc5 dxc5 18. Qb3 b4 19. Qc4 Rxa1 20. Rxa1 Ra8 21. Rxa8+ Qxa8 22. Qb5 g5 23. Be3 Bxf3 24. Bxf3 bxc3 25. bxc3 Ne5 26. Bxc5 Nxf3+ 27. gxf3 Bxc5 28. Qxc5 Qa1+ 29. Kh2 Nh5 30. e5 Nf4 31. Qe7 Nd5 32. Qc5 Kg7 33. Ne4 Qd1 34. Nf6 Qxf3 35. Nxd5 exd5 36. Qd4 Kg6 37. Kg1 Qxh3 38. Qxd5 Qxc3 39. Qe4+ Kg7 40. e6 fxe6 41. Qxe6 Qf6 42. Qe8 Qd6 43. Kg2 1/2-1/2

[Event "LSS BI-2009-P-00003"]
[Site "LSS email"]
[Date "2009.04.19"]
[Round "?"]
[White "Mamonov, Petr"]
[Black "Tyutyunnik, Roman"]
[Result "1-0"]
[WhiteElo "1952"]
[BlackElo "1983"]
[PlyCount "71"]
[EventDate "2009.04.20"]
[EventType "tourn (corr)"]
[EventRounds "10"]
[EventCountry "GER"]
[SourceTitle "Telechess CBM 137"]
[Source "ChessBase"]
[SourceDate "2010.07.15"]
[SourceVersion "1"]
[SourceVersionDate "2010.07.15"]
[SourceQuality "1"]

1. d4 Nf6 2. c4 g6 3. Nc3 d5 4. Nf3 Bg7 5. cxd5 Nxd5 6. Bd2 0-0 7. Rc1 Nc6 8. e4 Nxc3 9. bxc3 e5 10. d5 Ne7 11. Qb3 b6 12. c4 Bd7 13. c5 bxc5 14. Ba5 Nc8 15. Rxc5 Nd6 16. Qe3 f5 17. Bxc7 Qf6 18. Nd2 Nxe4 19. Nxe4 fxe4 20. Rc2 Qf4 21. Bc4 Bh6 22. Rc3 Rac8 23. d6+ Kh8 24. 0-0 Rf5 25. Bd5 Qxe3 26. fxe3 Rcf8 27. Rxf5 gxf5 28. Kf2 f4 29. Bxe4 fxe3+ 30. Ke1 Rf2 31. Bc6 Bxc6 32. Rxc6 Rxg2 33. d7 Bg5 34. Bxe5+ Kg8 35. Rc8+ Kf7 36. d8Q 1-0

[Event "LSS BI-2009-P-00003"]
[Site "LSS email"]
[Date "2009.04.19"]
[Round "?"]
[White "Ponting, Andrew"]
[Black "Mamonov, Petr"]
[Result "0-1"]
[WhiteElo "1937"]
[BlackElo "1740"]
[PlyCount "88"]
[EventDate "2009.04.20"]
[EventType "tourn (corr)"]
[EventRounds "10"]
[EventCountry "GER"]
[SourceTitle "Corr 2011"]
[Source "ChessBase"]
[SourceDate "2010.08.31"]
[SourceVersion "1"]
[SourceVersionDate "2010.08.31"]
[SourceQuality "1"]

1. d4 Nf6 2. c4 e6 3. Nc3 Bb4 4. Qc2 0-0 5. a3 Bxc3+ 6. Qxc3 Ne4 7. Qc2 f5 8. Nh3 d6 9. f3 Nf6 10. e3 e5 11. dxe5 dxe5 12. Be2 a5 13. b3 Qe7 14. 0-0 Nc6 15. Nf2 e4 16. Bb2 exf3 17. Bxf3 Ne5 18. Bd5+ Nxd5 19. cxd5 b6 20. Rfe1 Rf7 21. Qc3 Ng6 22. Rad1 Bb7 23. e4 fxe4 24. Nxe4 Raf8 25. Qc4 Qh4 26. g3 Qh5 27. b4 axb4 28. axb4 h6 29. Rd2 Kh8 30. d6 Qg4 31. h3 Qxh3 32. Rh2 Qf5 33. Rf2 Qxf2+ 34. Nxf2 Rxf2 35. Bxg7+ Kxg7 36. Qd4+ Ne5 37. Qxf2 Rxf2 38. Kxf2 cxd6 39. Ke3 b5 40. Rf1 h5 41. Kd4 Kg6 42. Rf8 Kg5 43. Rg8+ Kf5 44. Rh8 Kg4 0-1

[Event "LSS BI-2009-P-00003"]
[Site "LSS email"]
[Date "2009.04.19"]
[Round "?"]
[White "Sintsov, Sergey Vladimirovic"]
[Black "Mamonov, Petr"]
[Result "0-1"]
[WhiteElo "1473"]
[BlackElo "615"]
[PlyCount "112"]
[EventDate "2009.04.20"]
[EventType "tourn (corr)"]
[EventRounds "10"]
[EventCountry "GER"]
[SourceTitle "Telechess CBM 137"]
[Source "ChessBase"]
[SourceDate "2010.07.15"]
[SourceVersion "1"]
[SourceVersionDate "2010.07.15"]
[SourceQuality "1"]

1. e4 e5 2. Nf3 Nc6 3. Bb5 Nf6 4. 0-0 Nxe4 5. d4 Nd6 6. Bxc6 dxc6 7. dxe5 Nf5 8. Qxd8+ Kxd8 9. Nc3 Ne7 10. h3 h6 11. b3 Ng6 12. Bb2 a5 13. Rad1+ Ke8 14. a3 Nf4 15. Rd2 Bf5 16. Rfd1 Ne6 17. Ne2 Be7 18. Ned4 Bh7 19. Nxe6 fxe6 20. Kf1 Rf8 21. Ke2 a4 22. b4 Be4 23. c4 Rf7 24. Ne1 c5 25. f3 Bf5 26. g4 Bg6 27. bxc5 Bxc5 28. Ng2 b6 29. Ne3 Bf8 30. Bc1 Be7 31. Rd7 Rc8 32. Bb2 h5 33. Bc1 hxg4 34. hxg4 Rf8 35. R7d2 Rh8 36. Ng2 Rd8 37. Rxd8+ Bxd8 38. Be3 Bc2 39. Rc1 Bb3 40. Kf2 Be7 41. c5 b5 42. Kg3 Kf7 43. Nf4 Bh4+ 44. Kg2 Rd8 45. Ne2 Rd3 46. Rc3 Rd5 47. Nd4 Bc4 48. c6 Rc5 49. Bd2 Rxe5 50. f4 Re4 51. Nf3 Bf6 52. Rc1 Re2+ 53. Kg3 Bd5 54. Rd1 Be7 55. Nd4 Rg2+ 56. Kh3 Bxa3 0-1

[Event "FICGS W-ch st1 g01 email"]
[Site "FICGS email"]
[Date "2009.02.03"]
[Round "1"]
[White "Mamonov, Petr"]
[Black "Sammut, Ronald"]
[Result "1-0"]
[WhiteElo "1740"]
[BlackElo "2063"]
[PlyCount "75"]
[EventDate "2009.??.??"]
[EventType "tourn (corr)"]
[EventRounds "8"]
[SourceTitle "Corr 2022"]
[Source "ChessBase"]
[SourceDate "2021.10.24"]
[SourceVersion "1"]
[SourceVersionDate "2021.10.24"]
[SourceQuality "1"]

1. e4 c5 2. Nf3 d6 3. d4 cxd4 4. Nxd4 Nf6 5. Nc3 a6 6. Bg5 e6 7. f4 Qb6 8. Qd2 Qxb2 9. Rb1 Qa3 10. e5 dxe5 11. fxe5 Nfd7 12. Ne4 h6 13. Bh4 Qxa2 14. Rd1 Nc6 15. Nxc6 bxc6 16. Bd3 Qb2 17. 0-0 Qxe5 18. Bg3 Qd4+ 19. Kh1 Be7 20. c3 Qb6 21. Nd6+ Bxd6 22. Bxd6 Nf6 23. Bc2 Bd7 24. c4 Rg8 25. Be5 Qa7 26. Qd6 Ng4 27. Bc3 0-0-0 28. Rxf7 Qc7 29. Bb4 a5 30. Qxc7+ Kxc7 31. Bxa5+ Kc8 32. Bxd8 Rxd8 33. Re1 Rg8 34. Ra1 Ne5 35. Ra8+ Kb7 36. Rxg8 Nxf7 37. Rxg7 Ne5 38. Rh7 1-0

[Event "FICGS W-ch st1 g01 email"]
[Site "FICGS email"]
[Date "2009.02.03"]
[Round "1"]
[White "Mamonov, Petr"]
[Black "Satonnet, Patrick"]
[Result "1-0"]
[WhiteElo "1740"]
[BlackElo "1739"]
[PlyCount "55"]
[EventDate "2009.??.??"]
[EventType "tourn (corr)"]
[EventRounds "8"]
[SourceTitle "Corr 2022"]
[Source "ChessBase"]
[SourceDate "2021.10.24"]
[SourceVersion "1"]
[SourceVersionDate "2021.10.24"]
[SourceQuality "1"]

1. e4 e6 2. d4 b6 3. Bd3 Bb7 4. Nc3 Nf6 5. Nge2 d5 6. e5 Ne4 7. 0-0 Nxc3 8. Nxc3 c5 9. dxc5 bxc5 10. b3 Nc6 11. Re1 g6 12. Na4 Qc7 13. Be3 Nxe5 14. Bb5+ Nc6 15. Nxc5 Bg7 16. Bd4 Bxd4 17. Qxd4 0-0 18. Bxc6 Bxc6 19. h4 Rfc8 20. h5 Qe7 21. Re3 Bb5 22. b4 Be8 23. hxg6 hxg6 24. Rh3 e5 25. Qxd5 a5 26. Qd2 f5 27. c3 g5 28. Rh6 1-0

[Event "FICGS class E 000097 email"]
[Site "FICGS email"]
[Date "2008.11.22"]
[Round "1"]
[White "Csoma, Robert"]
[Black "Mamonov, Petr"]
[Result "1/2-1/2"]
[WhiteElo "1520"]
[BlackElo "1600"]
[PlyCount "47"]
[EventDate "2008.??.??"]
[EventType "tourn (corr)"]
[EventRounds "5"]
[SourceTitle "Corr 2022"]
[Source "ChessBase"]
[SourceDate "2021.10.24"]
[SourceVersion "1"]
[SourceVersionDate "2021.10.24"]
[SourceQuality "1"]

1. d4 d5 2. Bf4 Nf6 3. Nf3 c5 4. e3 Nc6 5. Be2 Qb6 6. b3 cxd4 7. exd4 Bg4 8. c3 e6 9. 0-0 Be7 10. h3 Bh5 11. Nbd2 Bg6 12. Ne5 Nxe5 13. Bxe5 0-0 14. c4 Ne4 15. Nxe4 Bxe4 16. Bd3 f6 17. Bg3 Qxd4 18. Bxe4 Qxe4 19. Re1 Qf5 20. cxd5 Bb4 21. Rxe6 Rad8 22. Qe2 Qxd5 23. Re4 a5 24. Rc1 1/2-1/2

[Event "FICGS class E 000097 email"]
[Site "FICGS email"]
[Date "2008.11.22"]
[Round "1"]
[White "Mamonov, Petr"]
[Black "Connor, Thomas"]
[Result "1-0"]
[WhiteElo "1600"]
[BlackElo "1347"]
[PlyCount "27"]
[EventDate "2008.??.??"]
[EventType "tourn (corr)"]
[EventRounds "5"]
[SourceTitle "Corr 2022"]
[Source "ChessBase"]
[SourceDate "2021.10.24"]
[SourceVersion "1"]
[SourceVersionDate "2021.10.24"]
[SourceQuality "1"]

1. e4 c5 2. Nf3 d6 3. d4 cxd4 4. Nxd4 Nf6 5. Nc3 g6 6. Be3 Bg7 7. f3 0-0 8. Qd2 Nc6 9. 0-0-0 Bd7 10. g4 Rc8 11. h4 Qa5 12. Nb3 Qe5 13. g5 Nh5 14. f4 1-0

[Event "FICGS class E 000097 email"]
[Site "FICGS email"]
[Date "2008.11.22"]
[Round "1"]
[White "Mamonov, Petr"]
[Black "Kepinski, Janusz"]
[Result "1-0"]
[WhiteElo "1600"]
[BlackElo "1594"]
[PlyCount "41"]
[EventDate "2008.??.??"]
[EventType "tourn (corr)"]
[EventRounds "5"]
[SourceTitle "Corr 2022"]
[Source "ChessBase"]
[SourceDate "2021.10.24"]
[SourceVersion "1"]
[SourceVersionDate "2021.10.24"]
[SourceQuality "1"]

1. e4 e6 2. d4 d5 3. Nc3 Nf6 4. Bg5 dxe4 5. Nxe4 Be7 6. Bxf6 gxf6 7. Nf3 c6 8. Qd2 f5 9. Nc3 Bb4 10. a3 Be7 11. h3 h5 12. Bd3 Nd7 13. 0-0-0 Qc7 14. g4 hxg4 15. hxg4 Rxh1 16. Rxh1 fxg4 17. Rh8+ Bf8 18. Ng5 Qd6 19. Nxf7 Kxf7 20. Qg5 Nf6 21. Bg6+ 1-0